00810cam a22002413a 45000010005000000030006000050050017000110080041000280400015000690420007000840500007000911000038000982450107001362600029002435060030002725160020003026530053003226530027003756530051004026530046004538300028004998560041005272985PGUSA20140828083024.0041004s2004||||xxu|||||s|||||000 | eng d aPGUSAbeng adc 4aPS1 aPaine, Albert Bigelow,d1861-193710aMark Twain :bA Biography. Volume II, Part 2: 1886-1900h[electronic resource] /cAlbert Bigelow Paine bProject Gutenberg,c2004 aPublic domain in the USA. aElectronic text aHumorists, American -- 19th century -- Biography aTwain, Mark, 1835-1910 aAuthors, American -- 19th century -- Biography aJournalists -- United States -- Biography 0aProject Gutenbergv298540uhttp://www.gutenberg.org/ebooks/2985